000 00860cam a2200229 i 4500
005 20251108173214.0
008 250721s2005 jo a gr 000 0 ara d
082 1 4 _a004.019
_bي ز م
100 1 _aالبزم، نضال
_eمؤلف.
245 1 0 _aاحترف قيادة الحاسوب /
_cتأليف نضال البزم، مروان عبد الواحد.
250 _aالطبعة الاولى.
264 3 1 _aعمان :
_bدار الجنان للنشر و التوزيع،
_c2005.
300 _a304 صفحة.
650 1 7 _aعلم الحاسوب.
650 1 7 _aالتعليم بمساعدة الحاسوب.
650 1 7 _aبرامج الحاسوب.
650 1 7 _aالبرمجيات الجاهزة.
650 1 7 _aالقيادة.
700 1 _aعبد الواحد، مروان
_eمؤلف.
942 _2ddc
_cBK
999 _c98501
_d98501